Statistics for Germany EURO 2024 Squad

Click here to take the quiz!

General Stats

  • This quiz has been taken 41 times
  • The average score is 11 of 24

Answer Stats

HintAnswer% Correct
Barcelona (GK)Marc-Andre Ter Stegen
100%
Bayern Munich (GK)Manuel Neuer
89%
Arsenal (CAM)Kai Havertz
74%
Bayern Munich (CM)Leon Goretzka
71%
Bayern Munich (RW)Serge Gnabry
71%
Bayern Munich (CDM)Joshua Kimmich
66%
Leipzig (ST)Timo Werner
66%
Bayer Leverkusen (CAM)Florian Wirtz
58%
Bayern Munich (CAM)Jamal Musiala
58%
Eintracht Frankfurt (GK)Kevin Trapp
55%
Fulham (GK)Bernd Leno
53%
Dortmund (CB)Nico Schlotterbeck
39%
Eintracht Frankfurt (CAM)Mario Götze
37%
West Ham (CB)Thilo Kehrer
37%
Leipzig (LB)David Raum
32%
Dortmund (CDM)Emre Can
32%
Freiburg (CB)Matthias Ginter
29%
Southampton (CB)Armel Bella-Kotchap
24%
Freiburg (LB)Christian Gunter
21%
Dortmund (RB)Marius Wolf
18%
Brentford (RW)Kevin Schade
16%
VFL Wolfsburg (CAM)Felix Nmecha
11%
VFB Stuttgart (RB)Joshua Vagnoman
8%
Augsburg (ST)Mergim Berisha
8%

Score Distribution

Percentile by Number Answered

Percent of People with Each Score

Your Score History

You have not taken this quiz